Statistics for college students / (Record no. 8091)
[ view plain ]
| 000 -LEADER | |
|---|---|
| fixed length control field | 00673nam a2200181 4500 |
| 008 - FIXED-LENGTH DATA ELEMENTS--GENERAL INFORMATION | |
| fixed length control field | 171212b xxu||||| |||| 00| 0 eng d |
| 020 ## - INTERNATIONAL STANDARD BOOK NUMBER | |
| International Standard Book Number | 971725049 |
| 082 ## - DEWEY DECIMAL CLASSIFICATION NUMBER | |
| Edition number | 1996 |
| Classification number | DFil 001.422 |
| Item number | St1 |
| 245 ## - TITLE STATEMENT | |
| Title | Statistics for college students / |
| Statement of responsibility, etc. | Milagros R. Pangan...[and others]. |
| 260 ## - PUBLICATION, DISTRIBUTION, ETC. (IMPRINT) | |
| Place of publication, distribution, etc. | Makati City : |
| Name of publisher, distributor, etc. | Grandwater Publications, |
| Date of publication, distribution, etc. | ©1996 |
| 300 ## - PHYSICAL DESCRIPTION | |
| Extent | ix, 165 pages : |
| Other physical details | illustrations ; |
| Dimensions | 25 cm. |
| 650 #0 - SUBJECT ADDED ENTRY--TOPICAL TERM | |
| 9 (RLIN) | 25022 |
| Topical term or geographic name as entry element | Statistics |
| General subdivision | College students. |
| 700 ## - ADDED ENTRY--PERSONAL NAME | |
| 9 (RLIN) | 25024 |
| Personal name | Pangan, Milagros R., author. |
| 700 ## - ADDED ENTRY--PERSONAL NAME | |
| 9 (RLIN) | 25031 |
| Personal name | Salamat, Lorina G., author. |
| 700 ## - ADDED ENTRY--PERSONAL NAME | |
| 9 (RLIN) | 25026 |
| Personal name | Nocon, Ferdinand P. ,author. |
| 700 ## - ADDED ENTRY--PERSONAL NAME | |
| 9 (RLIN) | 25028 |
| Personal name | Sta. Maria, Antonina C., author. |
| 942 ## - ADDED ENTRY ELEMENTS (KOHA) | |
| Source of classification or shelving scheme | Dewey Decimal Classification |
| Koha item type | Filipiniana |
| Withdrawn status | Lost status | Source of classification or shelving scheme | Damaged status | Not for loan | Collection code | Home library | Current library | Date acquired | Source of acquisition | Total Checkouts | Full call number | Barcode | Date last seen | Copy number | Price effective from | Koha item type |
|---|---|---|---|---|---|---|---|---|---|---|---|---|---|---|---|---|
| Dewey Decimal Classification | Filipiniana | UM Digos College - LIC | UM Digos College - LIC | Purchased | DFil 001.422 St1 1996 | 13414 | 05/15/2025 | 1 | 12/12/2017 | Filipiniana | ||||||
| Dewey Decimal Classification | Filipiniana | UM Digos College - LIC | UM Digos College - LIC | Purchased | DFil 001.422 St1 1996 | 13417 | 05/15/2025 | 4 | 12/12/2017 | Filipiniana | ||||||
| Dewey Decimal Classification | Filipiniana | UM Digos College - LIC | UM Digos College - LIC | Purchased | DFil 001.422 St1 1996 | 13422 | 05/15/2025 | 3 | 12/12/2017 | Filipiniana | ||||||
| Dewey Decimal Classification | Filipiniana | UM Digos College - LIC | UM Digos College - LIC | Purchased | DFil 001.422 St1 1996 | 13421 | 06/08/2021 | 2 | 12/12/2017 | Filipiniana | ||||||
| Dewey Decimal Classification | Filipiniana | UM Digos College - LIC | UM Digos College - LIC | Purchased | DFil 001.422 St1 1996 | 13423 | 05/15/2025 | 5 | 12/12/2017 | Filipiniana |
